000 00268nam a2200097Ia 4500
001 648259
005 20250826153718.0
008 250824s9999 xx 000 0 und d
245 0 _aSİHİRLİ KRALLIK TEKBOYNUZ VADİSİ 2
_cROSİE BANKS
260 _bDOĞAN EGMONT YAYINLARI
999 _c648259
_d648259